<?xml version="1.0" encoding="UTF-8"?>
<record
    xmlns:xsi="http://www.w3.org/2001/XMLSchema-instance"
    xsi:schemaLocation="http://www.loc.gov/MARC21/slim http://www.loc.gov/standards/marcxml/schema/MARC21slim.xsd"
    xmlns="http://www.loc.gov/MARC21/slim">

  <leader>02244nam a22002417a 4500</leader>
  <controlfield tag="003">DO-SdBNP</controlfield>
  <controlfield tag="005">20211020133604.0</controlfield>
  <controlfield tag="007">ta</controlfield>
  <controlfield tag="008">210607b   2006 dr 00| 0 eng d</controlfield>
  <datafield tag="020" ind1=" " ind2=" ">
    <subfield code="a">9789993468745</subfield>
  </datafield>
  <datafield tag="040" ind1=" " ind2=" ">
    <subfield code="a">DO-SdBNP</subfield>
    <subfield code="b">spa</subfield>
    <subfield code="c">BNPHU </subfield>
  </datafield>
  <datafield tag="082" ind1=" " ind2="4">
    <subfield code="2">22</subfield>
  </datafield>
  <datafield tag="100" ind1="1" ind2=" ">
    <subfield code="a">Hern&#xE1;mdez Mej&#xED;a, Edgar</subfield>
    <subfield code="9">78750</subfield>
  </datafield>
  <datafield tag="245" ind1="1" ind2="3">
    <subfield code="a">La violencia f&#xED;sica en el derecho penal :</subfield>
    <subfield code="b">golpes y heridas voluntarios, homicidio, asesinato, envenenamiento, infanticidio y la tentativa de &#xE9;stos /</subfield>
    <subfield code="c">Edgar Hern&#xE1;ndez Mej&#xED;a.</subfield>
  </datafield>
  <datafield tag="260" ind1=" " ind2=" ">
    <subfield code="a">Santo Domingo : </subfield>
    <subfield code="b">Ediciones Jur&#xED;dicas Trajano Potentini,</subfield>
    <subfield code="c">2006.</subfield>
  </datafield>
  <datafield tag="300" ind1=" " ind2=" ">
    <subfield code="a">189 p. ;</subfield>
    <subfield code="c">21 cm. </subfield>
  </datafield>
  <datafield tag="500" ind1=" " ind2=" ">
    <subfield code="a">Incluye datos biogr&#xE1;ficos del autor en las solapas</subfield>
  </datafield>
  <datafield tag="504" ind1=" " ind2=" ">
    <subfield code="a">Bibliograf&#xED;a : p. 189</subfield>
  </datafield>
  <datafield tag="505" ind1="2" ind2=" ">
    <subfield code="a">&#xCD;ndice --</subfield>
    <subfield code="t">Palabras de Dr. Edgar Hern&#xE1;ndez Mej&#xED;a para esta Edici&#xF3;n --</subfield>
    <subfield code="t">Aporte de la Nueva Normativa Procesal Penal</subfield>
    <subfield code="t">Los Delitos de Sangre a la Luz del C&#xF3;digo Procesal Penal --</subfield>
    <subfield code="t">Los Delitos de Sangre y las Medidas de Coerci&#xF3;n previstas en el C&#xF3;digo Procesal Penal -- </subfield>
    <subfield code="t">Los Delitos de Sangre. Parte I</subfield>
    <subfield code="t">Estudio Jur&#xED;dico sobre 28 Modalidades de los Delitos de Sangre. (Sus por qu&#xE9;, c&#xF3;mo y para qu&#xE9;) -- </subfield>
    <subfield code="t">Los Delitos de Sangre. Parte II.</subfield>
    <subfield code="t">Exordio -- </subfield>
    <subfield code="t">El Caso Paxton -- </subfield>
    <subfield code="t">Las Cuatro Nuevas Modalidades de Delitos de Sangre -- </subfield>
    <subfield code="t">Los Agresivos Compulsivos -- </subfield>
    <subfield code="t">Los Horrorizados Violentos -- </subfield>
    <subfield code="t">Los Eliminadores de Pruebas --</subfield>
    <subfield code="t">Los Codiciosos hasta la Rojez -- </subfield>
    <subfield code="t"> Los Delitos de Sangre. Parte III</subfield>
    <subfield code="t">Introito -- </subfield>
    <subfield code="t">Los Tres Nuevos Grupos de Autores de Delitos de Sangre -- 
</subfield>
    <subfield code="t">Los Atacantes que Procuran Repudio Simb&#xF3;lico -- </subfield>
    <subfield code="t">Los Autores de Violencia como Maniobras de Distracci&#xF3;n --</subfield>
    <subfield code="t"> Los Sangrientos Saboteadores -- </subfield>
    <subfield code="t">La interpretaci&#xF3;n de las evidencias f&#xED;sicas extra&#xED;das de la escena del crimen -- </subfield>
    <subfield code="t">Los Delitos por Omisi&#xF3;n o Inacci&#xF3;n -- 
</subfield>
    <subfield code="t">Etapas de la Actividad Criminal y la Punibilidad -- 
</subfield>
    <subfield code="t"> Delitos de Sangre y Necroscopia --
</subfield>
    <subfield code="t">Las &#xD3;rdenes Judiciales de Protecci&#xF3;n en favor de personas que podr&#xED;an ser v&#xED;ctimas de Delito de Sangre -- </subfield>
    <subfield code="t">La Victimolog&#xED;a; b) El Cuadro General Imputador; c) Los Errores Judiciales; d) Sobre la Seriedad de los Indicios; y e) El Buen Sentido de la Apreciaci&#xF3;n Penal .</subfield>
  </datafield>
  <datafield tag="590" ind1=" " ind2=" ">
    <subfield code="a">Inventariado, 2021 /LP

</subfield>
  </datafield>
  <datafield tag="910" ind1=" " ind2=" ">
    <subfield code="a">Lop&#xE9;rez</subfield>
  </datafield>
  <datafield tag="942" ind1=" " ind2=" ">
    <subfield code="2">ddc</subfield>
    <subfield code="c">LBS1</subfield>
  </datafield>
  <datafield tag="952" ind1=" " ind2=" ">
    <subfield code="0">0</subfield>
    <subfield code="1">0</subfield>
    <subfield code="2">ddc</subfield>
    <subfield code="7">1</subfield>
    <subfield code="8">PD</subfield>
    <subfield code="a">BNPHU</subfield>
    <subfield code="b">PD</subfield>
    <subfield code="c">HD</subfield>
    <subfield code="d">2021-06-07</subfield>
    <subfield code="e">Donaci&#xF3;n / CERTV </subfield>
    <subfield code="l">0</subfield>
    <subfield code="o">BNPHU PD</subfield>
    <subfield code="p">2021-1940</subfield>
    <subfield code="r">2021-06-07</subfield>
    <subfield code="w">2021-06-07</subfield>
    <subfield code="y">LFPD</subfield>
  </datafield>
  <datafield tag="999" ind1=" " ind2=" ">
    <subfield code="c">49883</subfield>
    <subfield code="d">49883</subfield>
  </datafield>
</record>
